Регионална библиотека "Любен Каравелов" - Русе

Оригами (Запис номер 149252)

MARC детайли
000 -Лидер
Контролно поле с фиксирана дължина 01215nam a2200361 a 4500
003 - Код на организацията, давaща контролен номер
Контролно поле BLK
005 - Дата и час на последна редакция
Контролно поле 20240113155806.0
008 - Елементи от данни с фиксирана дължина
fixed length control field 180410b bul|||||r ||||||| ||bul||
010 ## - Наследен системен номер
LC control number KNG00155506000
040 ## - Източник на каталожния запис
Идентификатор на билиотеката - собственик на записа BLK
041 ## - Код за език
Код за езика на текст/звукозапис или на отделно заглавие Български
Код за езика КДБФ Български
080 ## - УДК
УДК код - определител по УДК 793.4/.9
УДК - код + определител 793.4/.9
080 ## - УДК
Текстов определител УДК Декоративна хартия. Тапети
УДК код - определител по УДК 745.54
УДК - код + определител 745.54
100 1# - Редна дума - Автор
Автор Мирчева, Цветана
Авторска отговорност първи автор
R(LIN) 243378
139 ## - Редно поле
Редна дума Мирчева, Цветана
Авторски знак Мир - М 68
245 10 - Сведения за заглавието
Заглавие Оригами
Подзаглавни данни Кн.-играчка : Кн. 1 -
Редно поле (дума) Цветана Мирчева.
Том Кн. 1
257 ## - Страна на издаване
Страна на създаване/издаване България
260 ## - Област на издателските данни
Име на издателя, разпространителя и проч. Отечество
Година на издаване 1983 -
Място на издаване, разпространение и проч. София
300 ## - Физическа характеристика
Размери/Мащаб 29 см
380 ## - Жанр
Жанр Детска отраслова лит.
490 ## - СЕРИИ (Колекции)
Име на серия Поредица Сръчният Ежко
9 (RLIN) 207087
500 ## - Общи забележки
Забележка 60 135 тир.
650 #4 - Допълнително описание по предмет – тема
Основно описание – тема или топоним Оригами
9 (RLIN) 165177
653 ## - Ключова дума – ненормативна
Ключова дума оригами
760 1# - Описание на основната серия
Редна дума на основното описание Мирчева, Цветана
Място на издаване, издател и година 1983
Страници - том 98 с. : с ил.
Заглавие Кн. 1
852 ## - Местоположение
Форматна сигнатура Цб ІІ 19750
856 4# - Електронен адрес и достъп
Електронен формат pdf - файл
856 4# - Електронен адрес и достъп
Електронен формат pdf - файл
999 ## - СИСТЕМНИ КОНТРОЛНИ НОМЕРА
Koha biblionumber 149252
Koha biblioitemnumber 149252
942 ## - АРТИКУЛИ
Вид на библиотечния материал Книги
Скрит в OPAC Не
Koha issues (borrowed), all copies 4
Периодичен библиозапис Да
944 ## - СЪЗДАВАНЕ И РЕДАКЦИЯ на ЗАПИСА
Създаване/Редакция Създаване
Дата на регистрацията/редакция 09.01.2014
Статус, дата на статуса Севдалина Тодорова
Служител, извършил регистрацията/редакцията 30540
944 ## - СЪЗДАВАНЕ И РЕДАКЦИЯ на ЗАПИСА
Създаване/Редакция Редакция
Дата на регистрацията/редакция 09.01.2014
Статус, дата на статуса 09.01.2014 - от С1,Р / 09.01.2014
999 ## - СИСТЕМНИ КОНТРОЛНИ НОМЕРА
Koha biblioitemnumber 149252
Наличности
Код за отписване Код за изгубен артикул Източник на класификационната схема Код за повреда Коз за рестрикции Код за отдаване Артикулен № Име на библиотеката - собственик Име на библиотеката, в която се намира в момента Статус (Текущо местоположение) Дата на вписване в системата Местоположение - отдел Цена в лева Инвентарен номер Систематично азбучна сигнатура Баркод Номер на екземпляра Цена в евро Служебна бележка Служебен тип на артикула
  Не е изгубен Universal Decimal Classification Не е повреден само за читалня ползва се в читалня 249062 Регионална библиотека "Любен Каравелов" Русе Регионална библиотека "Любен Каравелов" Русе Хранилище 1983-01-01 Хранилище 1.35 384248 Цб ІІ 19750 120000384248 1 0.69 Дост: Dp Вид: Д N: стар фонд Дата: 01.01.1983 Книги
  Не е изгубен Universal Decimal Classification Не е повреден без рестрикции заемане за дома 249063 Регионална библиотека "Любен Каравелов" Русе Регионална библиотека "Любен Каравелов" Русе Детски отдел 1983-01-01 Детски отдел 1.35 384209 ДН 79/М 68 120000384209 2 0.69 Дост: Pk Вид: Ф N: стар фонд Дата: 01.01.1983 Дата инв: 20.08.2015 Бележки инв: Д2015 Книги
  Не е изгубен Universal Decimal Classification Не е повреден без рестрикции заемане за дома 249064 Регионална библиотека "Любен Каравелов" Русе Регионална библиотека "Любен Каравелов" Русе Детски отдел 1983-01-01 Детски отдел 1.35 384211 ДН 79/М 68 120000384211 3 0.69 Дост: Pk Вид: Ф N: стар фонд Дата: 01.01.1983 Дата инв: 06.10.2015 Бележки инв: Д2015 Книги
Vip Innovations Ltd, Rousse, Bulgaria 2025